000 00685nam a2200229 i 4500
001 bg
100 1 _aPIEŃKOS, Jerzy
_d(1932- ).
245 1 0 _aPolsko-angielski słownik prawniczy /
_cJerzy Pieńkos.
260 _aKraków :
_b"Zakamycze",
_c2002.
300 _a493, [2] s. ;
_c25 cm.
650 9 _aPrawo
_xterminologia
650 9 _aSłownik polsko-angielski
655 _aSłowniki
020 _a8373330526
040 _cBPK
041 0 _aplen
080 _a34(038)=162.1=111
920 _a83-7333-052-6
942 _cKS
008 s pl f |000 0 pol
999 _c41589
_d41589
856 _uhttp://koha.tu.koszalin.pl/cgi-bin/koha/opac-detail.pl?biblionumber=41589
_yKatalog online BPK